| 000 | 00563nam a22001937a 4500 | ||
|---|---|---|---|
| 005 | 20260224151337.0 | ||
| 008 | 260224b |||||||| |||| 00| 0 eng d | ||
| 020 | _a978-0-4712-4195-9 | ||
| 050 | _aQ 360 .C68 2006 | ||
| 100 | _aCOVER THOMAS M. | ||
| 245 | _aELEMENTS OF INFORMATION THEORY | ||
| 250 | _a2ND EDITION | ||
| 260 |
_aHOBOKEN,NEW JERSEY _bJOHN WILEY AND SONS,INC _c2006 |
||
| 300 | _aXXIII,748P | ||
| 500 | _aINCLUDES BIBLIOGRAPHICAL REFERENCES AND INDEXES | ||
| 650 | _a1. INFORMATION THEORY | ||
| 700 | _aTHOMAS,JOY A. | ||
| 942 |
_2lcc _cBK |
||
| 999 |
_c216615 _d216615 |
||